000 00565nam a2200169 i 4500
001 32844
003 ES-MaACL
005 20230906154639.0
007 t|
008 030131s1957 sp ||||1| spa d
100 1 _aBenito Ruano, Eloy.
_927689
245 1 3 _aLa "Sentencia-Estatuto" de Pedro Sarmiento contra los conversos toledanos /
_cEloy Benito Ruano.
260 _aMadrid :
_b[s.n.,
_c1957]
300 _a15 h. ;
_c24 cm.
500 _aEs separata de: Revista de la Universidad de Madrid, v. VI, n. 22-23, p. 278-306.
852 _aES-MaACL
_j2001-F-1
_bR.41907
999 _c32844
_d32844